| 000 | 00468nam a2200145Ia 4500 | ||
|---|---|---|---|
| 008 | 210430s9999 xx 000 0 und d | ||
| 020 | _a0030546095 (hardcover) | 97800 | ||
| 082 | _a658.001 V396 O | ||
| 100 |
_aVecchio, Robert P. _9780 |
||
| 245 |
_aOrganizational behaviour / _cVecchio, Robert P. |
||
| 260 |
_a[S.l.] : _bThomson Learning, _c1991 |
||
| 300 | _a704 p. ; | ||
| 856 | _uhttp://www.amazon.com/exec/obidos/ASIN/0030546095/chopaconline-20 | ||
| 942 | _2ddc | ||
| 999 |
_c562212 _d562212 |
||